The UN and the Middle East crisis, 1967 / (Record no. 13182)

MARC details
000 -LEADER
fixed length control field 00701nam a22002175a 4500
005 - DATE AND TIME OF LATEST TRANSACTION
control field 20190601103539.0
008 - FIXED-LENGTH DATA ELEMENTS--GENERAL INFORMATION
fixed length control field 100124t1968 nyu frb 001 0 eng d
040 ## - CATALOGING SOURCE
Original cataloging agency EG-ScBUE
Language of cataloging eng
Transcribing agency EG-ScBUE
Modifying agency EG-ScBUE
082 04 - DEWEY DECIMAL CLASSIFICATION NUMBER
Classification number 341.13956
Item number LAL
Edition number 22
100 1# - MAIN ENTRY--PERSONAL NAME
Personal name Lall, Arthur S.
Fuller form of name (Arthur Samuel),
Dates associated with a name 1911-
245 14 - TITLE STATEMENT
Title The UN and the Middle East crisis, 1967 /
Statement of responsibility, etc Arthur Lall.
260 ## - PUBLICATION, DISTRIBUTION, ETC. (IMPRINT)
Place of publication, distribution, etc New York ;
-- London :
Name of publisher, distributor, etc Columbia University press,
Date of publication, distribution, etc c.1968.
300 3# - PHYSICAL DESCRIPTION
Extent viii, 322 p. ;
Dimensions 24 cm.
500 ## - GENERAL NOTE
General note Includes Index.
541 ## - IMMEDIATE SOURCE OF ACQUISITION NOTE
Source of acquisition Alaa Abdel Ghaney ;
610 27 - SUBJECT ADDED ENTRY--CORPORATE NAME
Corporate name or jurisdiction name as entry element United Nations
Geographic subdivision Middle East.
Source of heading or term BUEsh
9 (RLIN) 32760
650 ## - SUBJECT ADDED ENTRY--TOPICAL TERM
Source of heading or term BUEsh
651 ## - SUBJECT ADDED ENTRY--GEOGRAPHIC NAME
Source of heading or term BUEsh
653 ## - INDEX TERM--UNCONTROLLED
Resource For college Law
Arrived date list May2019
942 ## - ADDED ENTRY ELEMENTS (KOHA)
Source of classification or shelving scheme Dewey Decimal Classification
Holdings
Withdrawn status Item status Source of classification or shelving scheme Damaged status Not for loan Vendor Home library Current library Shelving location Date acquired Source of acquisition Total Checkouts Full call number Barcode Date last seen Koha item type
    Dewey Decimal Classification     Donation-Gift Central Library Central Library Lower Floor 24/01/2010 Donation   341.13956 LAL 000019616 15/07/2025 Book - Borrowing